Bytový dom

Enregistré dans:
Détails bibliographiques
Auteur principal: Bartík, Eduard, 1985- (Auteur)
Autres auteurs: Petro, Marek, 1982- (Directeur de thèse)
Format: Manuscrit Livre
Langue:slovaque
Publié: Bratislava : STU v Bratislave SvF, 2011
Sujets:
Accès en ligne:VAIS
Tags: Ajouter un tag
Pas de tags, Soyez le premier à ajouter un tag!

MARC

LEADER 00000ntm a22000003a 4500
001 stu230356
005 20150617230141.3
008 110708s2011----xo------------------slo-d
040 |a STU  |b slo 
041 0 |a slo 
044 |a xo 
100 1 |a Bartík, Eduard,  |d 1985-  |4 aut  |u V  |T SvF Stavebná fakulta  |X 39478  |U V  |Y 10  |7 A000039478 
242 0 0 |a apartment house  |y eng 
245 1 |a Bytový dom 
260 |a Bratislava :  |b STU v Bratislave SvF,  |c 2011 
650 7 |a technológie a manažérstvo stavieb  |2 stusub 
650 7 |a Building Technologies and Management  |2 estusub 
650 7 |a spodná stavba  |2 stusub 
700 1 |a Petro, Marek,  |d 1982-  |4 ths  |u V270  |U SvF Stavebná fakulta  |T SvF Katedra technológie stavieb  |X 18958  |U V270  |Y 28  |7 A000018958 
856 4 |a info a plný text  |u http://is.stuba.sk/zp/portal_zp.pl?podrobnosti=80781  |3 VAIS